[Event "Olomouc 2011 - Valoz Cup"]
[Site "Olomouc (CZE)"]
[Date "2011.08.03"]
[Round "1"]
[White "Antipov, Mikhail Al"]
[Black "Bures, Jaroslav"]
[Result "1-0"]
[WhiteElo "2407"]
[BlackElo "2380"]
[PlyCount "120"]
[EventDate "2011.08.03"]

1. e4 c6 2. d4 d5 3. e5 Bf5 4. Nd2 e6 5. Nb3 c5 6. dxc5 Bxc5 7. Nxc5 Qa5+ 8. c3
Qxc5 9. Be3 Qc7 10. f4 Ne7 11. Nf3 a6 12. Be2 Nd7 13. Nd4 Be4 14. O-O O-O 15.
a4 Nb6 16. Bf2 Rac8 17. Rc1 Nc4 18. b3 Na5 19. Re1 Nac6 20. b4 Ng6 21. g3 Nxd4
22. Bxd4 f6 23. exf6 gxf6 24. Bf3 f5 25. Bh5 a5 26. b5 Qd6 27. Qd2 Rc4 28. Ra1
Rfc8 29. Be2 Qf8 30. Bxc4 Rxc4 31. Qf2 Qh6 32. Re3 Qh3 33. Qf1 Qg4 34. h3 Qh5
35. Kh2 Qh6 36. Ra2 Qf8 37. Qe2 Qh6 38. Qf1 e5 39. Rxe4 fxe4 40. fxe5 Qf8 41.
Rf2 Qe8 42. Rf6 Rxa4 43. e6 e3 44. Qe2 Qe7 45. Qxe3 Ra2+ 46. Kg1 Ra1+ 47. Kg2
Ra2+ 48. Kf3 Ra1 49. Kg4 Qg7 50. Kh5 Rh1 51. h4 Rf1 52. Qg5 Rxf6 53. Bxf6 Qc7
54. Qxd5 Ne7 55. Qg5+ Ng6 56. Qd5 Ne7 57. Qd7 Qc5+ 58. Bg5 Nf5 59. Qd8+ Qf8 60.
e7 Ng7+ 1-0

[Event "Olomouc 2011 - Valoz Cup"]
[Site "Olomouc (CZE)"]
[Date "2011.08.03"]
[Round "1"]
[White "Dobrowolski, Piotr"]
[Black "Krivoborodov, Egor"]
[Result "1/2-1/2"]
[WhiteElo "2423"]
[BlackElo "2507"]
[PlyCount "100"]
[EventDate "2011.08.03"]

1. d4 d5 2. c4 c6 3. Nf3 Nf6 4. Nc3 a6 5. c5 g6 6. h3 Bg7 7. Bf4 O-O 8. e3 Bf5
9. Be2 Nbd7 10. O-O Ne4 11. Bh2 b6 12. cxb6 Qxb6 13. Na4 Qa5 14. a3 c5 15. Nxc5
Ndxc5 16. b4 Nc3 17. bxa5 Nxd1 18. Bxd1 Bd3 19. Re1 Rfc8 20. Ne5 Bxe5 21. Bxe5
Nb7 22. Bf3 Be4 23. Bxe4 dxe4 24. Rac1 Nxa5 25. Bf4 Nb3 26. Rb1 Rc3 27. Re2
Rac8 28. Reb2 Nc1 29. a4 Ra3 30. Bh6 f6 31. Rb8 Rxb8 32. Rxb8+ Kf7 33. h4 Ne2+
34. Kh2 Nc3 35. Rh8 Rxa4 36. Rxh7+ Ke6 37. Rg7 a5 38. Rxg6 Ra1 39. h5 a4 40.
Bf4 a3 41. h6 a2 42. h7 Ne2 43. Bb8 Rh1+ 44. Kxh1 a1=Q+ 45. Kh2 Qg1+ 46. Kh3
Qxf2 47. h8=Q Ng1+ 48. Kh2 Nf3+ 49. Kh3 Ng1+ 50. Kh2 Nf3+ 1/2-1/2

[Event "Olomouc 2011 - Valoz Cup"]
[Site "Olomouc (CZE)"]
[Date "2011.08.03"]
[Round "1"]
[White "Andreev, Eduard"]
[Black "Drozdowski, Kacper"]
[Result "1/2-1/2"]
[WhiteElo "2458"]
[BlackElo "2311"]
[PlyCount "109"]
[EventDate "2011.08.03"]

1. e4 c5 2. Nf3 e6 3. g3 Nc6 4. Bg2 d6 5. d4 cxd4 6. Nxd4 a6 7. Nc3 Qc7 8. O-O
Nf6 9. a4 Be7 10. Nde2 O-O 11. h3 Rd8 12. Be3 Rb8 13. g4 b5 14. g5 Nd7 15. axb5
axb5 16. Ng3 b4 17. Nce2 Nb6 18. h4 Ne5 19. b3 d5 20. Qd4 Ng4 21. e5 Nxe3 22.
Qxe3 Bd7 23. Nd4 Ra8 24. Rad1 Bc5 25. h5 Be8 26. Qf4 Nd7 27. Rfe1 Nf8 28. h6
Ng6 29. Qe3 Bxd4 30. Rxd4 Qxc2 31. hxg7 Rac8 32. Rxb4 Qc3 33. Qxc3 Rxc3 34. Nh5
d4 35. Rb6 d3 36. Rd6 Rxd6 37. exd6 d2 38. Rd1 Rc1 39. Bf3 Ne5 40. Nf6+ Kxg7
41. Nxe8+ Kf8 42. Bh5 Kxe8 43. Kf1 Nd3 44. Ke2 Rxd1 45. Kxd1 Nxf2+ 46. Kxd2
Ne4+ 47. Ke3 Nxd6 48. Kd4 Ke7 49. b4 f6 50. gxf6+ Kxf6 51. Kc5 Ke7 52. Kc6 e5
53. b5 Nxb5 54. Kxb5 Kf6 55. Kc4 1/2-1/2

[Event "Olomouc 2011 - Valoz Cup"]
[Site "Olomouc (CZE)"]
[Date "2011.08.03"]
[Round "1"]
[White "Kalinitschew, Sergey"]
[Black "Zilka, Stepan"]
[Result "0-1"]
[WhiteElo "2431"]
[BlackElo "2506"]
[PlyCount "130"]
[EventDate "2011.08.03"]

1. d4 d5 2. c4 c6 3. Nf3 Nf6 4. e3 Bg4 5. h3 Bh5 6. cxd5 Bxf3 7. Qxf3 cxd5 8.
Nc3 e6 9. g4 Nc6 10. g5 Nd7 11. h4 Rc8 12. Bd2 Bd6 13. O-O-O a6 14. Kb1 b5 15.
Rc1 O-O 16. Bd3 Nb6 17. h5 Nb4 18. e4 Nxd3 19. Qxd3 b4 20. Ne2 dxe4 21. Qxe4
Nc4 22. Be3 Qa5 23. g6 Qf5 24. Qxf5 exf5 25. gxh7+ Kxh7 26. b3 Nxe3 27. fxe3
Rfe8 28. Rh3 Rxc1+ 29. Kxc1 Kh6 30. Kd2 Kg5 31. Kd3 Rh8 32. Kc4 Rxh5 33. Rxh5+
Kxh5 34. Kd5 Be7 35. Kc6 Kg4 36. d5 Kf3 37. Nd4+ Ke4 38. Nc2 g5 39. d6 Bf6 40.
Nxb4 g4 41. Nd5 Bg5 42. b4 g3 43. Nf4 Kxe3 44. Nh3 Bd8 45. a4 f4 46. Kd7 Bf6
47. b5 axb5 48. axb5 f3 49. b6 f2 50. Nxf2 gxf2 51. b7 f1=Q 52. b8=Q Qh3+ 53.
Kc7 Qe6 54. Qa7+ Bd4 55. Qa3+ Ke2 56. Qa6+ Kf2 57. Qd3 Be5 58. Qd2+ Kf3 59.
Qd3+ Kf4 60. Qd2+ Kf5 61. Qd3+ Kf6 62. Qf3+ Qf5 63. Qa8 Bxd6+ 64. Kxd6 Qe5+ 65.
Kd7 Qe7+ 0-1

[Event "Olomouc 2011 - Valoz Cup"]
[Site "Olomouc (CZE)"]
[Date "2011.08.03"]
[Round "1"]
[White "Arutinian, David"]
[Black "Butkiewicz, Lukasz"]
[Result "1-0"]
[WhiteElo "2562"]
[BlackElo "2435"]
[PlyCount "53"]
[EventDate "2011.08.03"]

1. d4 Nf6 2. c4 c5 3. d5 e6 4. Nc3 exd5 5. cxd5 d6 6. e4 g6 7. Bd3 Bg7 8. h3
O-O 9. Nf3 b5 10. Nxb5 Re8 11. O-O Nxe4 12. Qa4 a6 13. Bxe4 Bd7 14. Re1 Bxb5
15. Qb3 Qc7 16. Bf4 Nd7 17. a4 Nf6 18. axb5 Nxe4 19. Rxa6 Rxa6 20. bxa6 f5 21.
Qa4 Rc8 22. Ng5 Nf6 23. Re6 Qb6 24. Rxf6 Bxf6 25. Qd7 Qc7 26. Qe6+ Kg7 27. Bxd6
1-0

[Event "Olomouc 2011 - Prima Pack Cup"]
[Site "Olomouc (CZE)"]
[Date "2011.08.03"]
[Round "1"]
[White "Chernyshov, Konstantin"]
[Black "Simantsev, Mikhail"]
[Result "1-0"]
[WhiteElo "2552"]
[BlackElo "2558"]
[PlyCount "87"]
[EventDate "2011.08.03"]

1. b3 Nf6 2. Bb2 e6 3. f4 c5 4. Nf3 Be7 5. e3 O-O 6. Bd3 Nc6 7. O-O Nb4 8. Be2
d5 9. Ne5 Nd7 10. a3 Nc6 11. Nxc6 bxc6 12. Nc3 f5 13. Qe1 Rb8 14. Nd1 Qb6 15.
Bc3 Bf6 16. Bxf6 Nxf6 17. Nc3 Nd7 18. Na4 Qc7 19. d3 Ba6 20. Qc3 Qd6 21. Qa5
Rb5 22. Qd2 Rbb8 23. Rae1 Bb5 24. Nb2 Qc7 25. Rf2 g6 26. Qc3 Rbe8 27. h3 e5 28.
a4 Ba6 29. fxe5 Rxe5 30. d4 cxd4 31. exd4 Rxe2 32. Rfxe2 Bxe2 33. Rxe2 f4 34.
Nd3 f3 35. Rf2 fxg2 36. Rxf8+ Kxf8 37. Kxg2 Qb6 38. Nc5 Ke7 39. Qe1+ Kd8 40.
Qh4+ Ke8 41. Nxd7 Kxd7 42. Qxh7+ Kc8 43. Qxg6 Qxd4 44. Qg4+ 1-0

[Event "Olomouc 2011 - Winsoft Company Cup"]
[Site "Olomouc (CZE)"]
[Date "2011.08.03"]
[Round "1"]
[White "Poznanska, Katarzyna"]
[Black "Moritz, Aron"]
[Result "0-1"]
[WhiteElo "2068"]
[BlackElo "2091"]
[PlyCount "70"]
[EventDate "2011.08.03"]

1. e4 c5 2. Nf3 d6 3. d4 cxd4 4. Nxd4 Nf6 5. Bd3 g6 6. c4 Nc6 7. Nc2 Bg7 8. Nc3
O-O 9. O-O Ne5 10. h3 Be6 11. Ne3 Rc8 12. Qe2 Nfd7 13. f4 Nxd3 14. Qxd3 Nc5 15.
Qc2 Bxc3 16. Qxc3 Nxe4 17. Qd4 f5 18. Nd5 Rf7 19. b3 Bxd5 20. Qxd5 Qb6+ 21. Kh2
a6 22. Bb2 Rc5 23. Qe6 Qc7 24. Rae1 Qc8 25. Qxc8+ Rxc8 26. g4 e6 27. h4 b5 28.
h5 bxc4 29. bxc4 Rxc4 30. hxg6 hxg6 31. Rc1 Rfc7 32. gxf5 Rc2+ 33. Kg1 gxf5 34.
Rxc2 Rxc2 35. Bd4 Ng3 0-1

[Event "Olomouc 2011 - Winsoft Company Cup"]
[Site "Olomouc (CZE)"]
[Date "2011.08.03"]
[Round "1"]
[White "Jurek, Josef"]
[Black "Dmitrenko, Viktor"]
[Result "1/2-1/2"]
[WhiteElo "2324"]
[BlackElo "2353"]
[PlyCount "26"]
[EventDate "2011.08.03"]

1. d4 e6 2. c4 Nf6 3. Nc3 d5 4. Bg5 Be7 5. e3 O-O 6. Nf3 h6 7. Bh4 Ne4 8. Bxe7
Qxe7 9. Rc1 Nxc3 10. Rxc3 c6 11. Be2 Nd7 12. O-O dxc4 13. Bxc4 b6 1/2-1/2

[Event "Olomouc 2011 - Ceska pojistovna Cup"]
[Site "Olomouc (CZE)"]
[Date "2011.08.03"]
[Round "1"]
[White "Aripov, Iskandar"]
[Black "Michalczak, Thomas"]
[Result "1/2-1/2"]
[WhiteElo "2123"]
[BlackElo "2325"]
[PlyCount "142"]
[EventDate "2011.08.03"]

1. d4 d5 2. c4 e6 3. Nc3 Nf6 4. Bg5 Nbd7 5. cxd5 exd5 6. e3 c6 7. Bd3 Be7 8.
Qc2 Nh5 9. Bxe7 Qxe7 10. Nge2 g6 11. O-O-O Nb6 12. Kb1 Ng7 13. Ng3 Qh4 14. Nce2
O-O 15. Rc1 Bg4 16. Ng1 Qf6 17. h3 Bf5 18. Nxf5 Nxf5 19. Bxf5 Qxf5 20. Qxf5
gxf5 21. b3 Nc8 22. Nf3 Nd6 23. Nh4 Kg7 24. g4 Kf6 25. Rcg1 Rg8 26. Kc2 fxg4
27. hxg4 h5 28. gxh5 Rxg1 29. Rxg1 Rh8 30. Rg4 Rxh5 31. f3 Nf5 32. Nxf5 Rh2+
33. Kd3 Kxf5 34. a4 Rb2 35. Kc3 Rf2 36. Rf4+ Ke6 37. Kd3 f5 38. Kc3 a5 39. Kd3
Kf6 40. Rh4 Rxf3 41. Ke2 Rg3 42. Kf2 Rg8 43. Rh7 Rg7 44. Rh8 Ke6 45. Ra8 Rh7
46. Kg3 Kd6 47. Rxa5 Re7 48. Kf3 Re4 49. Ra8 f4 50. exf4 Rxd4 51. Re8 Rb4 52.
Re3 d4 53. Rd3 Kd5 54. f5 Ke5 55. Kg4 Ke4 56. f6 Kxd3 57. f7 Kc3 58. f8=Q d3+
59. Kf3 d2 60. Qc5+ Kd3 61. Qf5+ Kc3 62. Ke2 Kxb3 63. Kxd2 Kxa4 64. Kc3 Rb3+
65. Kc2 Rb5 66. Qf4+ Ka5 67. Qc7+ Ka6 68. Qd8 Rc5+ 69. Kb3 Rb5+ 70. Ka4 Ka7 71.
Qd4+ Kb8 1/2-1/2

[Event "Olomouc 2011 - Valoz Cup"]
[Site "Olomouc (CZE)"]
[Date "2011.08.06"]
[Round "4"]
[White "Zilka, Stepan"]
[Black "Drozdowski, Kacper"]
[Result "1-0"]
[WhiteElo "2506"]
[BlackElo "2311"]
[PlyCount "175"]
[EventDate "2011.08.03"]

1. d4 d5 2. Nf3 Nf6 3. c4 dxc4 4. e3 e6 5. Bxc4 a6 6. O-O c5 7. Bb3 Nc6 8. Nc3
cxd4 9. exd4 Be7 10. Re1 O-O 11. a3 b5 12. d5 exd5 13. Nxd5 Nxd5 14. Bxd5 Bb7
15. Bf4 Na5 16. Bxb7 Nxb7 17. Qe2 Bf6 18. Rad1 Qc8 19. Ne5 Bxe5 20. Qxe5 Re8
21. Qd5 Rd8 22. Qf3 Rxd1 23. Rxd1 Nd8 24. h3 Ne6 25. Be3 Rb8 26. Rd6 h6 27. Qg3
Kh7 28. Rxa6 Qxa6 29. Qxb8 Qa4 30. Qe5 Qb3 31. Kh2 f6 32. Qe4+ Kg8 33. f4 Nf8
34. f5 Qxb2 35. Qd5+ Kh7 36. Bc5 Nd7 37. Bd4 Qxa3 38. Qxd7 Qd3 39. Qd5 b4 40.
Qc5 b3 41. Bb2 Qe4 42. Qf2 Qd5 43. Qf3 Qc4 44. Qc3 Qd5 45. Kg3 Qd1 46. Kf2 Qd5
47. g4 Qd1 48. Qe1 Qd6 49. Kg1 Qd3 50. Qc3 Qd5 51. Kf2 Qd1 52. Ke3 Qd5 53. Kf4
Qd1 54. Ke4 h5 55. gxh5 Qe2+ 56. Kd5 Qxh5 57. Qd3 Qe8 58. Kc4 Qb8 59. Kc3 Qb6
60. Ba3 Qb7 61. Kb2 Qb8 62. Bd6 Qb6 63. Ba3 Qb8 64. Bc5 Qe5+ 65. Bd4 Qd5 66.
Kc3 Qb7 67. Kb2 Qd5 68. Ka3 Kh8 69. h4 Kh7 70. h5 Qh1 71. Qe2 Qh3 72. Bxf6 Qxf5
73. Bc3 Qf7 74. Qe5 Kg8 75. Kb2 Kh7 76. Qe4+ Kg8 77. Qg6 Kf8 78. Qg5 Qf2+ 79.
Kxb3 Qb6+ 80. Kc4 Qe6+ 81. Qd5 Qe2+ 82. Kb3 Qg4 83. Bb4+ Ke8 84. Qc6+ Kf7 85.
Qd5+ Ke8 86. Qg8+ Kd7 87. Qf7+ Kc8 88. Qc4+ 1-0

[Event "Olomouc 2011 - Valoz Cup"]
[Site "Olomouc (CZE)"]
[Date "2011.08.06"]
[Round "4"]
[White "Antipov, Mikhail Al"]
[Black "Arutinian, David"]
[Result "1-0"]
[WhiteElo "2407"]
[BlackElo "2562"]
[PlyCount "77"]
[EventDate "2011.08.03"]

1. e4 c5 2. Nf3 e6 3. b3 d6 4. Bb2 Nf6 5. e5 dxe5 6. Nxe5 Be7 7. Na3 O-O 8. Bd3
Nbd7 9. Nac4 Nxe5 10. Nxe5 Nd7 11. Qh5 f5 12. O-O Bf6 13. Rae1 Qc7 14. f4 Nxe5
15. Bxe5 Bxe5 16. Rxe5 Bd7 17. Bc4 Qd6 18. Qe2 Rf6 19. Rf3 Re8 20. c3 Re7 21.
a4 h6 22. Qd3 Qxd3 23. Rxd3 b6 24. Rd6 g5 25. fxg5 hxg5 26. a5 bxa5 27. Rxc5 a4
28. Rc7 Rff7 29. Rxa7 Kg7 30. bxa4 Kf6 31. d4 Bc8 32. Rxe7 Rxe7 33. Bb5 f4 34.
a5 Kf5 35. a6 Ke4 36. Rd8 Rc7 37. a7 Rxa7 38. Rxc8 Ke3 39. Rc5 1-0

[Event "Olomouc 2011 - Valoz Cup"]
[Site "Olomouc (CZE)"]
[Date "2011.08.06"]
[Round "4"]
[White "Dobrowolski, Piotr"]
[Black "Kalinitschew, Sergey"]
[Result "1-0"]
[WhiteElo "2423"]
[BlackElo "2431"]
[PlyCount "59"]
[EventDate "2011.08.03"]

1. d4 e6 2. e4 d5 3. Nc3 Nf6 4. e5 Nfd7 5. f4 c5 6. Nf3 Nc6 7. Be3 cxd4 8. Nxd4
Bc5 9. Qd2 O-O 10. O-O-O Qe7 11. Kb1 f6 12. exf6 Nxf6 13. Be2 Bd7 14. Nf5 exf5
15. Nxd5 Nxd5 16. Qxd5+ Be6 17. Qxc5 Qf7 18. a3 Rac8 19. Bf3 Rfe8 20. Ka1 b6
21. Qd6 Na5 22. Qd3 Bc4 23. Qd4 Bb3 24. Rd3 Rxc2 25. Bd2 Qc7 26. Kb1 Bf7 27.
Bc3 Rxc3 28. bxc3 Qe7 29. Bd5 h6 30. Rhd1 1-0

[Event "Olomouc 2011 - Prima Pack Cup"]
[Site "Olomouc (CZE)"]
[Date "2011.08.06"]
[Round "4"]
[White "Simantsev, Mikhail"]
[Black "Figura, Atila Gajo"]
[Result "1/2-1/2"]
[WhiteElo "2558"]
[BlackElo "2358"]
[PlyCount "132"]
[EventDate "2011.08.03"]

1. d4 Nf6 2. c4 g6 3. Nc3 d5 4. Nf3 Bg7 5. Bf4 c6 6. e3 O-O 7. h3 Be6 8. Qb3
dxc4 9. Bxc4 Bxc4 10. Qxc4 Nd5 11. Bg3 Nxc3 12. bxc3 Nd7 13. O-O c5 14. Rab1
Qc8 15. Rfc1 Rd8 16. a4 e6 17. a5 b6 18. Qa4 Qa6 19. Bc7 Rdc8 20. Qxd7 Qb7 21.
axb6 axb6 22. dxc5 Rxc7 23. Qb5 Ra5 24. Qxb6 Qa7 25. c6 Qxb6 26. Rxb6 Rc5 27.
c4 e5 28. Kf1 R5xc6 29. Rb8+ Rc8 30. Rxc8+ Rxc8 31. Ke2 f5 32. Nd2 e4 33. f3
exf3+ 34. Kxf3 Kf7 35. Nb3 Rb8 36. Nc5 Rc8 37. Nd3 h6 38. c5 Ke6 39. Rc3 Rc7
40. e4 Rc8 41. exf5+ gxf5 42. Ra3 Kd5 43. Ra7 Bf8 44. Rh7 Bxc5 45. Rxh6 Ba3 46.
Nf4+ Kd4 47. Re6 Rc3+ 48. Kf2 Bc5 49. h4 Kc4+ 50. Ke2 Rc2+ 51. Kf3 Rc3+ 52. Ke2
Rc2+ 53. Ke1 Rf2 54. g3 Rf3 55. Rg6 Rf2 56. Rg5 Rh2 57. h5 Be3 58. Rxf5 Bf2+
59. Kf1 Bxg3 60. Ne2 Bd6 61. Ng1 Kd4 62. Nf3+ Ke4 63. Rf4+ Kxf4 64. Nxh2 Kg5
65. Ng4 Kxg4 66. h6 Be5 1/2-1/2

[Event "Olomouc 2011 - Prima Pack Cup"]
[Site "Olomouc (CZE)"]
[Date "2011.08.06"]
[Round "4"]
[White "Kanovsky, David"]
[Black "Biolek, Richard Jr"]
[Result "1-0"]
[WhiteElo "2478"]
[BlackElo "2409"]
[PlyCount "71"]
[EventDate "2011.08.03"]

1. Nf3 Nc6 2. c4 e5 3. Nc3 Nf6 4. g3 g6 5. Bg2 Bg7 6. O-O O-O 7. d3 Re8 8. Bg5
h6 9. Bxf6 Qxf6 10. Nd2 Nd4 11. e3 Ne6 12. b4 d6 13. Rb1 Qd8 14. b5 Ng5 15. h4
Ne6 16. a4 f5 17. Nd5 g5 18. hxg5 hxg5 19. Nb4 Nc5 20. a5 e4 21. dxe4 fxe4 22.
Nxe4 Be6 23. Qe2 a6 24. Nxc5 dxc5 25. Rfd1 Qb8 26. Nd5 axb5 27. cxb5 Rxa5 28.
Qh5 Ra8 29. Qxg5 Qd8 30. Qxd8 Rexd8 31. Nxc7 Rxd1+ 32. Rxd1 Bb3 33. Bxb7 Bxd1
34. Bxa8 Be2 35. Bd5+ Kh8 36. Ne6 1-0

[Event "Olomouc 2011 - Prima Pack Cup"]
[Site "Olomouc (CZE)"]
[Date "2011.08.06"]
[Round "4"]
[White "Wieczorek, Oskar"]
[Black "Plat, Vojtech"]
[Result "1/2-1/2"]
[WhiteElo "2374"]
[BlackElo "2410"]
[PlyCount "90"]
[EventDate "2011.08.03"]

1. e4 c5 2. Nf3 Nc6 3. d4 cxd4 4. Nxd4 g6 5. Nc3 Bg7 6. Be3 Nf6 7. Bc4 Qa5 8.
O-O O-O 9. Bb3 d6 10. h3 Bd7 11. Re1 Rfe8 12. Qe2 Rac8 13. Rad1 Nxd4 14. Bxd4
Bc6 15. Nd5 Bxd5 16. exd5 Nd7 17. Bxg7 Kxg7 18. a3 Qb6 19. Ba4 Rc7 20. c3 Rf8
21. Rd4 Nf6 22. Qd2 Rfc8 23. Bd1 Qb5 24. Be2 Qd7 25. Rh4 h5 26. Rd4 Rc5 27. c4
b5 28. b4 R5c7 29. cxb5 Rc2 30. Qe3 R2c3 31. Rd3 R3c7 32. a4 Qf5 33. Red1 Rc4
34. Rd4 Rxd4 35. Qxd4 Qc2 36. Bf1 Qxa4 37. Ra1 Qb3 38. Qxa7 Qxb4 39. Qxe7 Nxd5
40. Qd7 Rc2 41. Qa7 Qd2 42. Ra4 Nc3 43. Qd4+ Qxd4 44. Rxd4 Rc1 45. Rb4 Nd5
1/2-1/2

[Event "Olomouc 2011 - Winsoft Company Cup"]
[Site "Olomouc (CZE)"]
[Date "2011.08.06"]
[Round "4"]
[White "Furman, Boris"]
[Black "Dmitrenko, Viktor"]
[Result "1/2-1/2"]
[WhiteElo "2262"]
[BlackElo "2353"]
[PlyCount "30"]
[EventDate "2011.08.03"]

1. d4 d5 2. c4 e6 3. cxd5 exd5 4. Nc3 Nf6 5. Bg5 Be7 6. e3 O-O 7. Bd3 Nbd7 8.
Nf3 Re8 9. Qc2 c6 10. O-O Nf8 11. h3 Nh5 12. Bxe7 Rxe7 13. Ne5 Nf6 14. f4 N6d7
15. Rf3 f6 1/2-1/2

[Event "Olomouc 2011 - Winsoft Company Cup"]
[Site "Olomouc (CZE)"]
[Date "2011.08.06"]
[Round "4"]
[White "Yuffa, Daniil"]
[Black "Jurek, Josef"]
[Result "1-0"]
[WhiteElo "2302"]
[BlackElo "2324"]
[PlyCount "129"]
[EventDate "2011.08.03"]

1. d4 Nf6 2. c4 e6 3. Nf3 b6 4. g3 Ba6 5. Qa4 Bb7 6. Bg2 c5 7. dxc5 Bxc5 8. O-O
O-O 9. Nc3 Be7 10. Bf4 d6 11. Rfd1 a6 12. Rac1 Qc7 13. Ng5 Bxg2 14. Kxg2 Nbd7
15. Nge4 Nxe4 16. Nxe4 Nc5 17. Nxc5 bxc5 18. Rd2 Rfb8 19. b3 a5 20. Rd3 Rb4 21.
Qa3 a4 22. Qb2 axb3 23. axb3 Rab8 24. f3 Qb6 25. Rb1 e5 26. Bc1 Qc6 27. e4 h6
28. h4 f5 29. exf5 Rf8 30. Rd5 Rxf5 31. Qc2 Rf8 32. Bd2 Rb6 33. Re1 Qb7 34. Re3
Rb8 35. Qg6 Qc8 36. Rdd3 Qe8 37. Qg4 Qc8 38. Qe4 Qc6 39. Qg6 Qe8 40. Qe6+ Qf7
41. Qd7 Qe8 42. Qg4 Qc8 43. Qxc8+ Rxc8 44. f4 Bf6 45. f5 Rf8 46. Kh3 h5 47. g4
hxg4+ 48. Kxg4 Ra8 49. Rh3 Ra1 50. Kf3 Rg1 51. h5 Bg5 52. Bxg5 Rxg5 53. Ke4 Kh7
54. Rdg3 Kh6 55. Rxg5 Kxg5 56. Rg3+ Kxh5 57. Rxg7 Rxb3 58. f6 Kh6 59. Rg4 Rb1
60. Kd5 e4 61. Rxe4 Kg5 62. f7 Rf1 63. Ke6 Kg6 64. Rg4+ Kh7 65. Rg8 1-0

[Event "Olomouc 2011 - Winsoft Company Cup"]
[Site "Olomouc (CZE)"]
[Date "2011.08.06"]
[Round "4"]
[White "Biolek, Richard"]
[Black "Poznanska, Katarzyna"]
[Result "1-0"]
[WhiteElo "2478"]
[BlackElo "2068"]
[PlyCount "87"]
[EventDate "2011.08.03"]

1. e4 c5 2. Nf3 e6 3. d3 Nc6 4. g3 d6 5. Bg2 Nf6 6. O-O Be7 7. Re1 Qc7 8. c3
O-O 9. d4 Rd8 10. d5 Ne5 11. Nxe5 dxe5 12. c4 b5 13. cxb5 exd5 14. exd5 e4 15.
Bf4 Qb6 16. Nc3 Bb7 17. Qc2 Nxd5 18. Nxd5 Bxd5 19. Bxe4 Bxe4 20. Qxe4 Bf6 21.
Rad1 Qxb5 22. a4 Qa5 23. Rxd8+ Qxd8 24. Bc7 Qc8 25. b3 h6 26. Qd5 Qf8 27. Qc6
Rc8 28. Qd7 Ra8 29. a5 Qc8 30. Qc6 Rb8 31. a6 Bd4 32. Re2 Kh7 33. Qe4+ f5 34.
Qf4 Rxb3 35. Re7 Rb1+ 36. Kg2 Rb2 37. Be5 Qc6+ 38. Kh3 Qg6 39. Rxg7+ Qxg7 40.
Bxg7 Kxg7 41. Qc7+ Kf8 42. Qxa7 Bxf2 43. Qa8+ Ke7 44. Qb7+ 1-0

[Event "Olomouc 2011 - Ceska pojistovna Cup"]
[Site "Olomouc (CZE)"]
[Date "2011.08.06"]
[Round "4"]
[White "Mackowiak, Marek"]
[Black "Volodin, Viktor"]
[Result "1/2-1/2"]
[WhiteElo "2236"]
[BlackElo "2200"]
[PlyCount "44"]
[EventDate "2011.08.03"]

1. c4 e6 2. g3 d5 3. Bg2 dxc4 4. Qa4+ Nd7 5. Qxc4 a6 6. Qb3 Rb8 7. a4 b6 8. Nf3
Bb7 9. O-O c5 10. Nc3 Ngf6 11. d3 Bd6 12. Rd1 O-O 13. d4 Qe7 14. Be3 Nd5 15.
Bg5 f6 16. Bd2 Rfc8 17. Nxd5 Bxd5 18. Qd3 c4 19. Qc2 f5 20. Nh4 Bxg2 21. Nxg2
Nf6 22. Bg5 Qb7 1/2-1/2

[Event "Olomouc 2011 - Ceska pojistovna Cup"]
[Site "Olomouc (CZE)"]
[Date "2011.08.06"]
[Round "4"]
[White "Mishuchkov, Nikolai M"]
[Black "Aripov, Iskandar"]
[Result "1-0"]
[WhiteElo "2415"]
[BlackElo "2123"]
[PlyCount "89"]
[EventDate "2011.08.03"]

1. Nf3 d5 2. d4 c6 3. c4 Nf6 4. e3 e6 5. Bd3 Nbd7 6. Nbd2 b6 7. O-O Bb7 8. b3
Be7 9. Bb2 O-O 10. Qe2 Qc7 11. Rac1 Rad8 12. Rfd1 h6 13. Ne5 Nxe5 14. dxe5 Nd7
15. cxd5 exd5 16. Nf3 Nc5 17. Bb1 Ne4 18. Nd4 Qc8 19. f3 Ng5 20. Qc2 g6 21.
Nxc6 Bxc6 22. Qxc6 Bc5 23. Qxc8 Bxe3+ 24. Kf1 Rxc8 25. Rxc8 Rxc8 26. Ke2 Bc5
27. Rxd5 Bg1 28. h4 Ne6 29. g4 g5 30. hxg5 hxg5 31. Bf5 Rc7 32. Rd6 Bc5 33.
Bxe6 fxe6 34. Rxe6 Be7 35. Kd3 Kf7 36. Rh6 Kg7 37. Rh2 Kg6 38. Ke4 Bc5 39. f4
Rf7 40. e6 Rf8 41. f5+ Rxf5 42. Rh6+ Kxh6 43. Kxf5 Kh7 44. Kf6 Kg8 45. e7 1-0

[Event "Olomouc 2011 - Ceska pojistovna Cup"]
[Site "Olomouc (CZE)"]
[Date "2011.08.06"]
[Round "4"]
[White "Groetz, Harald"]
[Black "Ruzicka, Petr"]
[Result "1-0"]
[WhiteElo "2256"]
[BlackElo "2271"]
[PlyCount "71"]
[EventDate "2011.08.03"]

1. e4 c5 2. Nf3 d6 3. d4 cxd4 4. Nxd4 Nf6 5. Nc3 a6 6. Be2 e5 7. Nb3 Be7 8. Bg5
Be6 9. Bxf6 Bxf6 10. Qd3 Nc6 11. O-O-O Be7 12. Kb1 Nb4 13. Qd2 O-O 14. a3 Nc6
15. g3 a5 16. f4 a4 17. Nc1 Nd4 18. f5 Bd7 19. Nd5 Bg5 20. Qe1 Rc8 21. c3 Nxe2
22. Qxe2 Rc5 23. Nd3 Bb5 24. h4 Be7 25. Qf3 Rc4 26. N3b4 f6 27. Rd2 Re8 28. g4
Kh8 29. Rg2 Bc6 30. g5 Rf8 31. Rhg1 Be8 32. Nxe7 Qxe7 33. Nd5 Qd8 34. gxf6 Rxf6
35. Rxg7 Bf7 36. Qg4 1-0

[Event "Olomouc 2011 - Open Olomouc"]
[Site "Olomouc (CZE)"]
[Date "2011.08.06"]
[Round "3.1"]
[White "Bryzgalin, Kirill"]
[Black "Heppell, Ian N"]
[Result "1-0"]
[WhiteElo "2469"]
[BlackElo "2136"]
[PlyCount "45"]
[EventDate "2011.08.04"]

1. e4 e5 2. Nf3 d6 3. d4 exd4 4. Qxd4 Nf6 5. Nc3 Be7 6. Bg5 O-O 7. O-O-O Nc6 8.
Qd2 Be6 9. Be2 a6 10. Rhe1 Ng4 11. Bxe7 Qxe7 12. Bf1 Qf6 13. h3 Nge5 14. Ng1
Nc4 15. Bxc4 Bxc4 16. f4 Rfe8 17. Nf3 Qh6 18. Kb1 Rad8 19. g4 d5 20. exd5 Rxe1
21. Qxe1 Nb4 22. b3 Qxf4 23. Qe7 1-0

[Event "Olomouc 2011 - Open Olomouc"]
[Site "Olomouc (CZE)"]
[Date "2011.08.06"]
[Round "3.2"]
[White "Yefimov, Mstislav"]
[Black "Szymanski, Marcin"]
[Result "0-1"]
[WhiteElo "2127"]
[BlackElo "2410"]
[PlyCount "94"]
[EventDate "2011.08.04"]

1. d4 Nf6 2. c4 e6 3. Nc3 Bb4 4. e3 c5 5. a3 Bxc3+ 6. bxc3 O-O 7. Bd3 d6 8. Ne2
e5 9. e4 Nc6 10. d5 Ne7 11. O-O Nh5 12. f4 exf4 13. Nxf4 Nxf4 14. Bxf4 Ng6 15.
Bg3 Re8 16. Qf3 f6 17. h4 Ne5 18. Bxe5 Rxe5 19. g4 Qe7 20. Rab1 b6 21. Rb2 Bd7
22. Kh1 Rf8 23. Rbf2 h6 24. Qe2 Be8 25. Qc2 Bg6 26. Rf4 Re8 27. Re1 Qd7 28. Re2
R8e7 29. Kg1 Qe8 30. Kh1 Bh7 31. h5 Kh8 32. Kg1 Rg5 33. Rg2 Rge5 34. Re2 Qc8
35. Rg2 Qd7 36. Kh1 Qe8 37. Re2 b5 38. Qb1 bxc4 39. Bc2 Rxd5 40. Qa2 Qb5 41. a4
Qa6 42. Rf1 Rde5 43. Rb1 Re8 44. Rb5 Qc8 45. Qxc4 Qxg4 46. Rg2 Qxh5+ 47. Kg1
Bxe4 0-1

[Event "Olomouc 2011 - Open Olomouc"]
[Site "Olomouc (CZE)"]
[Date "2011.08.06"]
[Round "3.4"]
[White "Rojicek, Vojtech"]
[Black "Amberger, Dieter"]
[Result "1/2-1/2"]
[WhiteElo "2396"]
[BlackElo "2083"]
[PlyCount "55"]
[EventDate "2011.08.04"]

1. e4 c5 2. Nf3 Nc6 3. d4 cxd4 4. Nxd4 Nf6 5. Nc3 e5 6. Ndb5 d6 7. Bg5 a6 8.
Na3 b5 9. Nd5 Be7 10. Bxf6 Bxf6 11. c3 O-O 12. Nc2 Bg5 13. a4 bxa4 14. Rxa4 a5
15. Bc4 Rb8 16. b3 Kh8 17. O-O f5 18. exf5 Bxf5 19. Ra2 Bg6 20. Re1 Rb7 21.
Nce3 e4 22. Nf1 Ne5 23. Ng3 Nxc4 24. bxc4 e3 25. fxe3 Rb1 26. Qd2 Rxe1+ 27.
Qxe1 Bd3 28. Ra4 1/2-1/2

[Event "Olomouc 2011 - Open Olomouc"]
[Site "Olomouc (CZE)"]
[Date "2011.08.06"]
[Round "3.6"]
[White "Kireev, Aleksei"]
[Black "Janyska, Pavel"]
[Result "1/2-1/2"]
[WhiteElo "2360"]
[BlackElo "2017"]
[PlyCount "104"]
[EventDate "2011.08.04"]

1. g3 Nf6 2. Bg2 d5 3. d3 e5 4. e4 dxe4 5. dxe4 Qxd1+ 6. Kxd1 Ng4 7. Nh3 Bc5 8.
f3 Ne3+ 9. Bxe3 Bxe3 10. Ke2 Bc5 11. Nf2 Nc6 12. Nd3 Bb6 13. c3 a5 14. a4 O-O
15. Nd2 Be6 16. h4 f6 17. Bh3 Bf7 18. Bd7 Na7 19. Bb5 Nxb5 20. axb5 Rfd8 21.
Rhd1 Kf8 22. Ra3 c6 23. bxc6 bxc6 24. b3 Ra7 25. Nb2 Rad7 26. g4 Ke7 27. Ra4 g6
28. Ndc4 Rxd1 29. Nxd1 Bxc4+ 30. Rxc4 Kd6 31. Nb2 h5 32. gxh5 gxh5 33. Ra4 Rg8
34. Nc4+ Kc7 35. b4 axb4 36. Ra6 Rg2+ 37. Kd3 bxc3 38. Kxc3 Bd4+ 39. Kd3 Rf2
40. Nd2 Rh2 41. Ra8 Rxh4 42. Rf8 Rf4 43. Rh8 f5 44. Rxh5 fxe4+ 45. fxe4 Kd7 46.
Nc4 Ke6 47. Rh6+ Rf6 48. Rxf6+ Kxf6 49. Na5 c5 50. Kc4 Kg5 51. Kd5 Kf4 52. Nc4
Kf3 1/2-1/2